Heat and mass transfer : a practical approach (Record no. 356008)
[ view plain ]
| 000 -LEADER | |
|---|---|
| fixed length control field | 00535nam a22001577a 4500 |
| 008 - FIXED-LENGTH DATA ELEMENTS--GENERAL INFORMATION | |
| fixed length control field | 160201b xxu||||| |||| 00| 0 eng d |
| 020 ## - INTERNATIONAL STANDARD BOOK NUMBER | |
| International Standard Book Number | 9780071151504 |
| 082 ## - DEWEY DECIMAL CLASSIFICATION NUMBER | |
| Edition number | 23 |
| Classification number | 621.4022 |
| 100 ## - MAIN ENTRY--PERSONAL NAME | |
| Personal name | Çengel, Yunus A. |
| 245 ## - TITLE STATEMENT | |
| Title | Heat and mass transfer : a practical approach |
| Remainder of title | Heat and mass transfer : a practical approach |
| Statement of responsibility, etc. | Yunus A. Çengel |
| 250 ## - EDITION STATEMENT | |
| Edition statement | international edition |
| 260 ## - PUBLICATION, DISTRIBUTION, ETC. | |
| Place of publication, distribution, etc. | New york: |
| Name of publisher, distributor, etc. | Mcgraw hill; |
| Date of publication, distribution, etc. | c2003 |
| 300 ## - PHYSICAL DESCRIPTION | |
| Extent | xxvi, 932p: |
| Other physical details | illustrations; |
| 650 ## - SUBJECT ADDED ENTRY--TOPICAL TERM | |
| Source of heading or term | Heat--Transmission |
| Topical term or geographic name entry element | Mass transfer |
| 942 ## - ADDED ENTRY ELEMENTS (KOHA) | |
| Source of classification or shelving scheme | |
| Koha item type | Book |
| Withdrawn status | Lost status | Source of classification or shelving scheme | Damaged status | Not for loan | Collection code | Permanent Location | Current Location | Shelving location | Date acquired | Source of acquisition | Cost, normal purchase price | Total Checkouts | Full call number | Barcode | Date last seen | Date last checked out | Price effective from | Koha item type | Copy number |
|---|---|---|---|---|---|---|---|---|---|---|---|---|---|---|---|---|---|---|---|
| US-Pakistan Center for Advanced Studies in Energy (USPCAS-E) | US-Pakistan Center for Advanced Studies in Energy (USPCAS-E) | 02/01/2016 | Golden books | 7151.50 | 2 | 621.4022 CEN-H 2003 | CAS-E0001423 | 10/18/2023 | 01/16/2017 | 02/01/2016 | Book | ||||||||
| US-Pakistan Center for Advanced Studies in Energy (USPCAS-E) | US-Pakistan Center for Advanced Studies in Energy (USPCAS-E) | 02/01/2016 | Golden books | 7151.50 | 1 | 621.4022 CEN-H 2003 | CAS-E0001424 | 10/05/2023 | 10/05/2023 | 02/01/2016 | Book | C-2 |
